| 000 | 00448nam a2200169 i 4500 | ||
|---|---|---|---|
| 001 | bg | ||
| 100 | 1 | _aOCHOCKI, Kazimierz | |
| 245 | 0 |
_aSpory o pojęcie materii / _cKazimierz Ochocki. |
|
| 250 | _a[Wyd.2]. | ||
| 260 |
_aWarszawa, _c1979. |
||
| 490 | 1 | _aBiblioteka Wiedzy Współczesnej Omega | |
| 830 | _aBiblioteka Wiedzy Współczesnej Omega | ||
| 040 | _cBPK | ||
| 041 | _apol | ||
| 942 | _cKS | ||
| 008 | s pl f |000 0 pol | ||
| 999 |
_c21439 _d21439 |
||
| 856 |
_uhttp://koha.tu.koszalin.pl/cgi-bin/koha/opac-detail.pl?biblionumber=21439 _yKatalog online BPK |
||